000 00395nam a2200145Ia 4500
005 20250509070741.0
008 240331s9999 xx 000 0 und d
082 _bMAH
_a894
100 _aMahendran, K
245 0 _aValvu oru valaippanthaddam
260 _aTellippalai
_bLyceum of Literary & Aesthetic Studies
_c1997
300 _a136 p .,
500 _aA collection of Short Stories
942 _cL
999 _c4032
_d4032